| 000 | 01020cam a22003254a 4500 | ||
|---|---|---|---|
| 001 | 11780183 | ||
| 003 | OSt | ||
| 005 | 20161207193439.0 | ||
| 008 | 990825s2000 nju b 001 0 eng c | ||
| 010 | _a 99046505 | ||
| 020 | _a0896037916 | ||
| 035 | _a(DNLM)100895180 | ||
| 040 |
_aDNLM/DLC _cDLC _dDLC |
||
| 042 | _apcc | ||
| 050 | 0 | 0 |
_aRA1250 _b.T68 2000 |
| 060 | 1 | 0 |
_aQV 767 _bT755 2000 |
| 082 | 0 | 0 |
_aQV 744 _bW29p 2005 |
| 100 |
_aEdited by Melanie Johns Cupp. _911358 |
||
| 245 | 0 | 0 | _aToxicology and Clinical Pharmacology of Herbal Products |
| 246 | 3 | _aHerbal products | |
| 260 |
_aNew Jersey; _bHumana Press, _c2005. |
||
| 300 |
_axxvi, 325 p. ; _c24 cm. |
||
| 504 | _aIncludes bibliographical references and index. | ||
| 650 | 0 |
_aHerb medicine _99576 |
|
| 650 | 1 | 2 |
_a Toxicology _99578 |
| 650 | 2 | 2 |
_aPharmacology. _9357 |
| 856 | 4 | 2 |
_3Publisher description _uhttp://www.loc.gov/catdir/enhancements/fy0825/99046505-d.html |
| 906 |
_a7 _bcbc _corignew _d1 _eocip _f19 _gy-gencatlg |
||
| 942 |
_2ddc _cO_SHELF |
||
| 999 |
_c4463 _d4463 |
||